| 000 | 00560nam a22001457a 4500 | ||
|---|---|---|---|
| 008 | 100209t xxu||||| |||| 00| 0 eng d | ||
| 082 |
_220 _a325.32097 _bBOS |
||
| 100 |
_911129 _aBosch, Juan. |
||
| 245 |
_aPentagonism: _bA substitute for imperialism / _cJuan Boch; Translated By Helen R. Lane. |
||
| 260 |
_aNew York: _bGrove Press, _cc.1968. |
||
| 300 |
_a141 p; _c20cm. |
||
| 500 | _aIncluding Appendixs. | ||
| 942 |
_2ddc _cARCH |
||
| 999 |
_c13319 _d13319 |
||